000
00241nam a2200097Ia 4500
008
230508s2003 xx 000 0 und d
041
_a
eng
100
_a
M.KAUFMANN
245
_a
THE PROTECTIVE GEAR H.B.
260
_b
SIR ISAAC PITMAN & S
_c
2003
999
_c
740191
_d
740191